000 01029cam a22002894a 4500
999 _c12331
_d12331
003 OSt
005 20240117115758.0
008 080616s2009 nyua 000 0 eng d
020 _a9780764161827
041 1 _aeng
_hspa
082 0 4 _a741.2
_222
_bASU
100 1 _aAsunción, Josep.
240 1 0 _aDibujo creativo
_lEnglish
245 1 0 _aDrawing /
_c[text, Josep Asuncion and Gemma Guasch; English translation by Michael Brunelle and Beatriz Cortabarria].
246 1 7 _aCreative techniques :
_bdrawing
250 _a1st ed. for the U.S.
260 _aHappauge, N.Y. :
_bBarron's,
_c2009.
300 _a143 p. :
_bill. (chiefly col.) ;
_c28 cm.
490 0 _aCreative techniques
500 _a"Original title in Spanish: Dibujo creativo."--T.p. verso.
500 _a"14 distinctive approaches to drawing with more than 100 creative ideas."--P. 4 of cover.
700 1 _aGuasch, Gemma.
700 1 _aBrunelle, Michael.
700 1 _aCortabarria, Beatriz.
710 2 _aBarron's Educational Series, Inc.
942 _2ddc